Statistics for Every Character In UnOrdinary

Click here to take the quiz!

General Stats

  • This quiz has been taken 410 times
    (231 since last reset)
  • The average score is 21 of 71

Answer Stats

First SeenAbilityLevelCharacter% Correct
PrologueBarrier6.3Arlo
99%
PrologueAura Manipulation7.0John
99%
PrologueLightning5.4Remi
95%
Chapter 4Time Manipulation8.0 (1.0)Seraphina
94%
Chapter 1Energy Beam4.5Blyke
91%
Chapter 1Hunter4.4Isen
90%
Chapter 6Lightning5.8Rei
78%
Chapter 12Clairvoyance2.3Claire
67%
Chapter 2Invisibility2.4Terrence
67%
Chapter 7Healing3.5Elaine
61%
Chapter 78Phase Shift4.2Zeke
58%
Chapter 4Nightmare4.2Darren
54%
Chapter 59Energy Ropes5.2Cecile
53%
Chapter 80Illumination1.5Evie
47%
Chapter 141Time Manipulation5.0 +Leilah
42%
Chapter 2Stone Skin2.8Gavin
39%
Chapter 62N/A1.0William
39%
Chapter 14Arachnid4.9Rein
36%
Chapter 28Unknown5.0 +Vaughn
36%
Chapter 32Whirlwind3.8Ventus
36%
Chapter 115Fire Claws5.0 +Volcan
36%
Chapter 7Needles1.8Lin
34%
Chapter 32Demon Claw3.8Meili
30%
Chapter 30Time Manipulation7.4Narisa
28%
Chapter 82Flash Forward2.5Juni
27%
Chapter 44UnknownUnknownAdrion
26%
Chapter 14Super Strength4.0Gou
26%
Chapter 112Catch Up2.7Heinz
26%
Chapter 30Strength2.7Illena
26%
Side Story: ReiUnknown3.5Kuyo
26%
Chapter 41Unknown5.0 +Keene
25%
Chapter 34Heat Palm2.1Hower
24%
Chapter 30Regeneration3.1Tanner
24%
Chapter 30Speed2.4Wenqi
23%
Chapter 18Unknown4.0Holden
22%
Chapter 24Lazor2.5Krolik
21%
Chapter 140Unknown1.5Roland
21%
Chapter 66Unknown5.0 +Keon
20%
Chapter 28Lie DetectionUnknownNadia
20%
Chapter 7Strong Punch2.4Crail
19%
Chapter 41Missiles2.2Rouker
18%
Chapter 111Explosion3.6Abel
17%
Chapter 14UnknownUnknownBroven
16%
Chapter 80Arcane Shot3.2Brea
15%
Chapter 95Shockwave2.8 (4.2)Waldo
15%
Side Story: ReiUnknownUnknownKassandra
14%
Chapter 1UnknownUnknownMardin
14%
Chapter 79Impact3.1Melody
14%
Chapter 115Fortify2.7 (4.1)Alana
13%
Chapter 140Dizzy Punch2.6Clio
12%
Chapter 9Superhuman3.6Payton
12%
Chapter 160Barrage2.7Kiara
9%
Chapter 9Grenadier3.6Levani
9%
Chapter 38Repulsion2.4Misa
9%
Chapter 112Clobber2.8Yuline
9%
Chapter 95Rock Arm2.4Bimel
7%
Chapter 49Charge3.4Merin
7%
Chapter 95Hair Growth2.6Keesh
6%
Chapter 167Heavy-Hitter2.8Keith
5%
Chapter 167Tremor3.2Lance
5%
Chapter 101Strong Kick2.4Skrev
5%
Chapter 167Quick Strike2.4Bryce
4%
Chapter 34UnknownUnknownFyora
4%
Chapter 97UnknownUnknownQuinton
4%
Chapter 167Ground Pound2.6Rex
4%
Chapter 95Phantom Fist2.4Weim
4%
Chapter 66UnknownUnknownZander
4%
Chapter 167UnknownUnknownAmora
3%
Chapter 167Hand Blade2.6Emerson
3%
Chapter 97UnknownUnknownLydia
3%
Chapter 6UnknownUnknownAria
2%

Score Distribution

Percentile by Number Answered

Percent of People with Each Score

Your Score History

You have not taken this quiz since the last reset